<?xml version="1.0" encoding="UTF-8"?>
<record
    xmlns:xsi="http://www.w3.org/2001/XMLSchema-instance"
    xsi:schemaLocation="http://www.loc.gov/MARC21/slim http://www.loc.gov/standards/marcxml/schema/MARC21slim.xsd"
    xmlns="http://www.loc.gov/MARC21/slim">

  <leader>00456nam a2200169Ia 4500</leader>
  <controlfield tag="005">20240626144935.0</controlfield>
  <controlfield tag="008">240126s9999    xx            000 0 und d</controlfield>
  <datafield tag="020" ind1=" " ind2=" ">
    <subfield code="a">9781259026416</subfield>
  </datafield>
  <datafield tag="082" ind1=" " ind2=" ">
    <subfield code="a">658.8  RAM;1  R</subfield>
  </datafield>
  <datafield tag="100" ind1=" " ind2=" ">
    <subfield code="a">Ramaswamy V S. Namakumari S.</subfield>
  </datafield>
  <datafield tag="245" ind1=" " ind2="0">
    <subfield code="a">Marketing management : global perspective indian context</subfield>
  </datafield>
  <datafield tag="250" ind1=" " ind2=" ">
    <subfield code="a">5th ed.</subfield>
  </datafield>
  <datafield tag="260" ind1=" " ind2=" ">
    <subfield code="b">McMillan india</subfield>
    <subfield code="a">New Delhi</subfield>
    <subfield code="c">2013</subfield>
  </datafield>
  <datafield tag="300" ind1=" " ind2=" ">
    <subfield code="a">xlv, 788</subfield>
  </datafield>
  <datafield tag="440" ind1=" " ind2=" ">
    <subfield code="a">NULL</subfield>
  </datafield>
  <datafield tag="942" ind1=" " ind2=" ">
    <subfield code="c">PU</subfield>
  </datafield>
  <datafield tag="999" ind1=" " ind2=" ">
    <subfield code="c">273129</subfield>
    <subfield code="d">273129</subfield>
  </datafield>
  <datafield tag="952" ind1=" " ind2=" ">
    <subfield code="r">2026-02-19 11:43:06</subfield>
    <subfield code="l">1</subfield>
    <subfield code="o">658.8  RAM;1  R</subfield>
    <subfield code="p">PU514</subfield>
    <subfield code="W">20</subfield>
    <subfield code="h">(05/07/1905)</subfield>
    <subfield code="s">2026-02-14</subfield>
    <subfield code="v">636.00</subfield>
    <subfield code="w">2024-01-26</subfield>
    <subfield code="y">PU</subfield>
    <subfield code="1">0</subfield>
    <subfield code="4">0</subfield>
    <subfield code="7">0</subfield>
    <subfield code="8">MBA</subfield>
    <subfield code="0">0</subfield>
    <subfield code="K">3602/14-15</subfield>
    <subfield code="a">ML</subfield>
    <subfield code="b">LRC</subfield>
    <subfield code="c">MBA</subfield>
    <subfield code="d">2014-09-27</subfield>
    <subfield code="e">Sunrise</subfield>
    <subfield code="g">795.00</subfield>
    <subfield code="E">MBA</subfield>
    <subfield code="G">RS</subfield>
    <subfield code="F">1</subfield>
    <subfield code="V">159</subfield>
    <subfield code="U">Rupees</subfield>
  </datafield>
  <datafield tag="952" ind1=" " ind2=" ">
    <subfield code="r">2026-02-21 11:40:23</subfield>
    <subfield code="l">3</subfield>
    <subfield code="o">658.8  RAM;2</subfield>
    <subfield code="p">PU515</subfield>
    <subfield code="W">20</subfield>
    <subfield code="h">(05/07/1905)</subfield>
    <subfield code="s">2026-02-16</subfield>
    <subfield code="v">636.00</subfield>
    <subfield code="w">2024-01-26</subfield>
    <subfield code="y">PU</subfield>
    <subfield code="1">0</subfield>
    <subfield code="4">0</subfield>
    <subfield code="7">0</subfield>
    <subfield code="8">CL</subfield>
    <subfield code="0">0</subfield>
    <subfield code="K">3602/14-15</subfield>
    <subfield code="a">ML</subfield>
    <subfield code="b">LDL</subfield>
    <subfield code="c">CL</subfield>
    <subfield code="d">2014-09-27</subfield>
    <subfield code="e">Sunrise</subfield>
    <subfield code="g">795.00</subfield>
    <subfield code="E">MBA</subfield>
    <subfield code="G">RS</subfield>
    <subfield code="F">1</subfield>
    <subfield code="V">159</subfield>
    <subfield code="U">Rupees</subfield>
  </datafield>
  <datafield tag="952" ind1=" " ind2=" ">
    <subfield code="r">2026-02-19 12:32:37</subfield>
    <subfield code="l">3</subfield>
    <subfield code="o">658.8  RAM;3</subfield>
    <subfield code="p">PU516</subfield>
    <subfield code="W">20</subfield>
    <subfield code="h">(05/07/1905)</subfield>
    <subfield code="s">2026-02-16</subfield>
    <subfield code="v">636.00</subfield>
    <subfield code="w">2024-01-26</subfield>
    <subfield code="y">PU</subfield>
    <subfield code="1">0</subfield>
    <subfield code="4">0</subfield>
    <subfield code="7">0</subfield>
    <subfield code="8">CL</subfield>
    <subfield code="0">0</subfield>
    <subfield code="K">3602/14-15</subfield>
    <subfield code="a">ML</subfield>
    <subfield code="b">ML</subfield>
    <subfield code="c">CL</subfield>
    <subfield code="d">2014-09-27</subfield>
    <subfield code="e">Sunrise</subfield>
    <subfield code="g">795.00</subfield>
    <subfield code="E">MBA</subfield>
    <subfield code="G">RS</subfield>
    <subfield code="F">1</subfield>
    <subfield code="V">159</subfield>
    <subfield code="U">Rupees</subfield>
  </datafield>
  <datafield tag="952" ind1=" " ind2=" ">
    <subfield code="r">2026-02-19 12:39:22</subfield>
    <subfield code="l">1</subfield>
    <subfield code="o">658.8  RAM;4  R</subfield>
    <subfield code="p">PU701</subfield>
    <subfield code="W">20</subfield>
    <subfield code="h">(05/07/1905)</subfield>
    <subfield code="s">2026-01-30</subfield>
    <subfield code="v">636.00</subfield>
    <subfield code="w">2024-01-26</subfield>
    <subfield code="y">PU</subfield>
    <subfield code="1">0</subfield>
    <subfield code="4">0</subfield>
    <subfield code="7">0</subfield>
    <subfield code="8">CL</subfield>
    <subfield code="0">0</subfield>
    <subfield code="K">3616/14-15</subfield>
    <subfield code="a">ML</subfield>
    <subfield code="b">LDL</subfield>
    <subfield code="c">CL</subfield>
    <subfield code="d">2014-10-13</subfield>
    <subfield code="e">Sunrise</subfield>
    <subfield code="g">795.00</subfield>
    <subfield code="E">MBA</subfield>
    <subfield code="G">RS</subfield>
    <subfield code="F">1</subfield>
    <subfield code="V">159</subfield>
    <subfield code="U">Rupees</subfield>
  </datafield>
  <datafield tag="952" ind1=" " ind2=" ">
    <subfield code="r">2026-02-13 12:09:48</subfield>
    <subfield code="l">1</subfield>
    <subfield code="o">658.8  RAM;5  R1</subfield>
    <subfield code="p">PU702</subfield>
    <subfield code="W">20</subfield>
    <subfield code="h">(05/07/1905)</subfield>
    <subfield code="s">2026-01-30</subfield>
    <subfield code="v">636.00</subfield>
    <subfield code="w">2024-01-26</subfield>
    <subfield code="y">PU</subfield>
    <subfield code="1">0</subfield>
    <subfield code="4">0</subfield>
    <subfield code="7">0</subfield>
    <subfield code="8">CL</subfield>
    <subfield code="0">0</subfield>
    <subfield code="K">3616/14-15</subfield>
    <subfield code="a">ML</subfield>
    <subfield code="b">ML</subfield>
    <subfield code="c">CL</subfield>
    <subfield code="d">2014-10-13</subfield>
    <subfield code="e">Sunrise</subfield>
    <subfield code="g">795.00</subfield>
    <subfield code="E">MBA</subfield>
    <subfield code="G">RS</subfield>
    <subfield code="F">1</subfield>
    <subfield code="V">159</subfield>
    <subfield code="U">Rupees</subfield>
  </datafield>
</record>
